[Event "Dortmund ABC Serie B-23"]
[Site "Dortmund"]
[Date "2005.06.10"]
[Round "11"]
[White "Prsa, Ervin"]
[Black "Raskin, Vitaly"]
[Result "0-1"]
[WhiteElo "1582"]
[BlackElo "1658"]
[PlyCount "107"]
[EventDate "2005.04.15"]
[EventType "tourn"]
[EventRounds "11"]
[EventCountry "GER"]
[SourceTitle "EXT 2007"]
[Source "ChessBase"]
[SourceDate "2006.11.23"]
[SourceVersion "1"]
[SourceVersionDate "2006.11.23"]
[SourceQuality "1"]

1. d4 d5 2. e3 Nf6 3. h3 e6 4. a3 Be7 5. c4 c6 6. b4 dxc4 7. Bxc4 Nbd7 8. Bb2 a5 9. b5 Nb6 10. Bd3 Bd7 11. Nc3 Nbd5 12. Nxd5 Nxd5 13. bxc6 Bxc6 14. Qg4 g6 15. e4 Nf6 16. Qe2 0-0 17. Nf3 Nd7 18. Rd1 Bf6 19. h4 h5 20. Bb1 Qc7 21. Rg1 Bg7 22. g4 hxg4 23. Rxg4 Nf6 24. Rg1 Nh5 25. Ne5 Nf6 26. f4 Ba4 27. Rd2 Qb6 28. Qg2 Rac8 29. Nxg6 fxg6 30. Qxg6 Rf7 31. e5 Nd5 32. Qh7+ Kf8 33. Rxg7 Rxg7 34. Qh8+ Rg8 35. Qh6+ Ke8 36. Bg6+ Kd8 37. Bf7 Rg1+ 38. Kf2 Rb1 39. Qxe6 Qxe6 40. Bxe6 Rc2 41. Rxc2 Bxc2 42. Bxd5 Rxb2 43. Ke3 Bf5 44. Bf7 Ke7 45. Bg8 Rg2 46. Bc4 Rg3+ 47. Kf2 Rxa3 48. d5 Ra4 49. d6+ Kd8 50. Bf7 Rxf4+ 51. Kg3 Re4 52. Kf3 Rxe5 53. Kf4 Rc5 54. h5 0-1

[Event "Dortmund ABC Serie B-23"]
[Site "Dortmund"]
[Date "2005.04.15"]
[Round "1"]
[White "Dieckmann, Rudolf"]
[Black "Prsa, Ervin"]
[Result "1-0"]
[WhiteElo "1483"]
[BlackElo "1582"]
[PlyCount "85"]
[EventDate "2005.04.15"]
[EventType "tourn"]
[EventRounds "11"]
[EventCountry "GER"]
[SourceTitle "EXT 2007"]
[Source "ChessBase"]
[SourceDate "2006.11.23"]
[SourceVersion "1"]
[SourceVersionDate "2006.11.23"]
[SourceQuality "1"]

1. d4 d5 2. c4 dxc4 3. Nc3 c6 4. a4 e6 5. e3 Nf6 6. Bxc4 b6 7. Nf3 Bb7 8. 0-0 Nbd7 9. Qc2 Rc8 10. Qe2 Nb8 11. Rd1 a6 12. e4 b5 13. axb5 axb5 14. Bd3 Be7 15. Bf4 0-0 16. Ra7 Qb6 17. Rda1 Na6 18. R7xa6 Bxa6 19. d5 c5 20. dxe6 fxe6 21. e5 c4 22. Bb1 Nd5 23. Nxd5 exd5 24. Be3 Qb7 25. Nd4 Bc5 26. Ne6 Bxe3 27. Qxe3 Qc6 28. Qh3 g6 29. Nxf8 Rxf8 30. e6 Bc8 31. Ra7 Bb7 32. e7 Rf7 33. Rxb7 Kg7 34. Rd7 Qa8 35. Qe6 Qa1 36. e8N+ Kh8 37. Qe5+ Kg8 38. Qe1 Rxd7 39. Nf6+ Kg7 40. Nxd7 Qxb2 41. Qe5+ Kh6 42. Qf4+ Kh5 43. Nf6+ 1-0

[Event "Dortmund ABC Serie B-22"]
[Site "Dortmund"]
[Date "2004.11.20"]
[Round "10"]
[White "Gerke, Dieter"]
[Black "Prsa, Ervin"]
[Result "0-1"]
[WhiteElo "1585"]
[BlackElo "1610"]
[PlyCount "114"]
[EventDate "2004.10.07"]
[EventType "tourn"]
[EventRounds "13"]
[EventCountry "GER"]
[SourceTitle "EXT 2006"]
[Source "ChessBase"]
[SourceDate "2005.11.24"]
[SourceVersion "1"]
[SourceVersionDate "2005.11.24"]
[SourceQuality "1"]

1. d4 d5 2. Nf3 h6 3. g3 e6 4. Bg2 Nf6 5. 0-0 c5 6. c3 Nbd7 7. Nbd2 Bd6 8. Re1 b6 9. c4 Bb7 10. Qc2 Rc8 11. b3 g5 12. Bb2 Rg8 13. e3 h5 14. Ne5 Bb8 15. Nxd7 Kxd7 16. Nf3 Qc7 17. dxc5 Ke7 18. Qc3 Ne4 19. Qc2 f6 20. cxb6 axb6 21. Nd4 h4 22. Bxe4 dxe4 23. Nb5 Qc6 24. Ba3+ Kf7 25. Qd2 Rcd8 26. Qb4 hxg3 27. hxg3 Kg6 28. Kg2 e5 29. Rh1 Qe6 30. Qe7 Qxe7 31. Bxe7 Rd3 32. Rh2 Bc8 33. Rah1 Bg4 34. Rh6+ Kf7 35. Rh7+ Ke6 36. R1h6 Bf3+ 37. Kh2 Kf5 38. Rxf6+ Kg4 39. Rxf3 exf3 40. Bb4 Rd1 41. Nc3 Rf1 42. Ne4 Kf5 43. Nd2 Rxf2+ 44. Kg1 Rg2+ 45. Kf1 Rxg3 46. Kf2 Kg4 47. Ne4 Rg2+ 48. Kf1 Rd8 49. Be1 Rxa2 50. Rg7 Kf5 51. Nc3 Rh2 52. e4+ Kf6 53. Rb7 g4 54. Rxb6+ Kg5 55. Nd5 Ba7 56. Kg1 Rg2+ 57. Kh1 Bxb6 0-1

[Event "Dortmund ABC Serie B-22"]
[Site "Dortmund"]
[Date "2004.10.22"]
[Round "4"]
[White "Prsa, Ervin"]
[Black "Bommert, Christian"]
[Result "0-1"]
[WhiteElo "1610"]
[BlackElo "1581"]
[PlyCount "62"]
[EventDate "2004.10.07"]
[EventType "tourn"]
[EventRounds "13"]
[EventCountry "GER"]
[SourceTitle "EXT 2006"]
[Source "ChessBase"]
[SourceDate "2005.11.24"]
[SourceVersion "1"]
[SourceVersionDate "2005.11.24"]
[SourceQuality "1"]

1. d4 f5 2. e3 Nf6 3. Nd2 d6 4. Ngf3 g6 5. c4 Bg7 6. b4 0-0 7. Bb2 Qe8 8. Rc1 Nbd7 9. Ng5 e5 10. d5 Nb6 11. Nb3 h6 12. Nh3 f4 13. Bd3 f3 14. Bf1 fxg2 15. Bxg2 Bg4 16. Qd3 e4 17. Qd2 g5 18. Ng1 Qf7 19. Nd4 Nfd7 20. Bxe4 Rae8 21. Ne6 Bxb2 22. Qxb2 Bxe6 23. dxe6 Rxe6 24. Bg2 Ne5 25. Bf1 Ng4 26. Nh3 Qf3 27. Rg1 Nxe3 28. fxe3 Rxe3+ 29. Be2 Qxh3 30. Kd2 Rxe2+ 31. Kxe2 Qxh2+ 0-1

[Event "Dortmund ABC Serie B-22"]
[Site "Dortmund"]
[Date "2004.10.08"]
[Round "1"]
[White "Duschek, Guenter"]
[Black "Prsa, Ervin"]
[Result "1-0"]
[WhiteElo "1640"]
[BlackElo "1610"]
[PlyCount "109"]
[EventDate "2004.10.07"]
[EventType "tourn"]
[EventRounds "13"]
[EventCountry "GER"]
[SourceTitle "EXT 2006"]
[Source "ChessBase"]
[SourceDate "2005.11.24"]
[SourceVersion "1"]
[SourceVersionDate "2005.11.24"]
[SourceQuality "1"]

1. d4 d5 2. Bf4 e6 3. Nf3 h6 4. e3 a6 5. a4 Nf6 6. c3 c5 7. Bd3 Nbd7 8. Ne5 Nxe5 9. Bxe5 b6 10. Nd2 Bb7 11. 0-0 Rc8 12. Qe2 c4 13. Bc2 h5 14. h3 Bd6 15. f4 h4 16. f5 Bxe5 17. dxe5 Nh5 18. Qg4 Rc6 19. fxe6 Rxe6 20. Nf3 Ng3 21. Rf2 g6 22. Ng5 Re7 23. e6 f5 24. Qd4 Rf8 25. Nf7 Qc7 26. Ng5 Qc5 27. Qf4 Ne4 28. Bxe4 dxe4 29. Rd1 Bc8 30. Rfd2 Rc7 31. Rd5 Qe7 32. Rd8+ Qxd8 33. Rxd8+ Kxd8 34. Nf7+ Rcxf7 35. Qd6+ Bd7 36. exf7 Rxf7 37. Qxg6 Ke7 38. Qxb6 f4 39. Qc5+ Ke8 40. Qe5+ Kf8 41. Qxe4 f3 42. gxf3 Bxh3 43. Qxh4 Rg7+ 44. Kh2 Bf1 45. Qf6+ Kg8 46. Qxa6 Rg2+ 47. Kh1 Rg7 48. f4 Bg2+ 49. Kh2 Bf1 50. Qe6+ Kh7 51. a5 Rg2+ 52. Kh1 Rg7 53. a6 Bg2+ 54. Kh2 Ba8 55. e4 1-0